=LDR 00000nam 2200000 4500 =001 INLIS000000000036649 =005 20130612142426 =008 ***********************************Ind** =035 ##$$a0010-061300000036649 =041 ##$$a Ind =082 ##$$a 646.72 =090 ##$$a 646.72, Ren l =100 ##$$a Reni K =245 ##$$a Let's make up by wawa Sugimuwanti, Reni K =260 ##$$a 2009 $b Jakarta =300 ##$$a 87 hlm, ilus, 23 cm =650 ##$$a Kecantikan =850 ##$$a NBPNMAT =990 ##$$a 0001/BPAP-NTB/20142014